<?xml version="1.0" encoding="UTF-8"?>
<record
    xmlns:xsi="http://www.w3.org/2001/XMLSchema-instance"
    xsi:schemaLocation="http://www.loc.gov/MARC21/slim http://www.loc.gov/standards/marcxml/schema/MARC21slim.xsd"
    xmlns="http://www.loc.gov/MARC21/slim">

  <leader>02267nam a2200493 a 4500</leader>
  <controlfield tag="001">92036</controlfield>
  <controlfield tag="003">FlNmELB</controlfield>
  <controlfield tag="005">20241217172100.0</controlfield>
  <controlfield tag="006">m     o  d |      </controlfield>
  <controlfield tag="007">cr cn|||||||||</controlfield>
  <controlfield tag="008">201008r2008    ag |||||s|||||||||||spa d</controlfield>
  <datafield tag="020" ind1=" " ind2=" ">
    <subfield code="z">9789871153718</subfield>
  </datafield>
  <datafield tag="035" ind1=" " ind2=" ">
    <subfield code="a">(MiAaPQ)EBC3189825</subfield>
  </datafield>
  <datafield tag="035" ind1=" " ind2=" ">
    <subfield code="a">(Au-PeEL)EBL3189825</subfield>
  </datafield>
  <datafield tag="035" ind1=" " ind2=" ">
    <subfield code="a">(CaPaEBR)ebr10405656</subfield>
  </datafield>
  <datafield tag="035" ind1=" " ind2=" ">
    <subfield code="a">(OCoLC)928985391</subfield>
  </datafield>
  <datafield tag="040" ind1=" " ind2=" ">
    <subfield code="a">FlNmELB</subfield>
    <subfield code="b">spa</subfield>
    <subfield code="c">FlNmELB</subfield>
  </datafield>
  <datafield tag="050" ind1=" " ind2="4">
    <subfield code="a">HF1913</subfield>
    <subfield code="b">E88 2008</subfield>
  </datafield>
  <datafield tag="080" ind1=" " ind2=" ">
    <subfield code="a">339.9</subfield>
  </datafield>
  <datafield tag="082" ind1="0" ind2="4">
    <subfield code="a">337.1/8094</subfield>
    <subfield code="2">22</subfield>
  </datafield>
  <datafield tag="110" ind1="2" ind2=" ">
    <subfield code="a">EULATIN II (Project).</subfield>
    <subfield code="b">Jornadas Cient&#xED;ficas</subfield>
    <subfield code="n">(2nd :</subfield>
    <subfield code="d">2007 :</subfield>
    <subfield code="c">S&#xE3;o Paulo, Brazil)</subfield>
  </datafield>
  <datafield tag="245" ind1="1" ind2="0">
    <subfield code="a">MERCOSUR y Uni&#xF3;n Europea</subfield>
    <subfield code="h">[recurso electronico] /</subfield>
    <subfield code="c">Manuel Cienfuegos Mateo ... [et al. ; Zlata Drnas de Cl&#xE9;ment, coordinadora ; Waldemar Hummer, editor].</subfield>
  </datafield>
  <datafield tag="260" ind1=" " ind2=" ">
    <subfield code="a">C&#xF3;rdoba, Rep&#xFA;blica Argentina :</subfield>
    <subfield code="b">Lerner Editora,</subfield>
    <subfield code="c">[2008]</subfield>
  </datafield>
  <datafield tag="300" ind1=" " ind2=" ">
    <subfield code="a">343 p.</subfield>
  </datafield>
  <datafield tag="500" ind1=" " ind2=" ">
    <subfield code="a">"Segundas Jornadas Cient&#xED;ficas de EULATIN II (17 y 18 de septiembre de 2007, S&#xE3;o Paulo, Brasil)"--P. [vii].</subfield>
  </datafield>
  <datafield tag="533" ind1=" " ind2=" ">
    <subfield code="a">Recurso electr&#xF3;nico. Santa Fe, Arg.: e-libro, 2015. Disponible v&#xED;a World Wide Web. El acceso puede estar limitado para las bibliotecas afiliadas a e-libro.</subfield>
  </datafield>
  <datafield tag="610" ind1="2" ind2="0">
    <subfield code="a">MERCOSUR (Organization)</subfield>
    <subfield code="z">European Union countries</subfield>
    <subfield code="v">Congresses.</subfield>
  </datafield>
  <datafield tag="610" ind1="2" ind2="0">
    <subfield code="a">European Union</subfield>
    <subfield code="z">South America</subfield>
    <subfield code="v">Congresses.</subfield>
  </datafield>
  <datafield tag="610" ind1="2" ind2="0">
    <subfield code="a">MERCOSUR (Organizaci&#xF3;n).</subfield>
    <subfield code="z">Pa&#xED;ses de la Uni&#xF3;n Europea</subfield>
    <subfield code="v">Congresos.</subfield>
  </datafield>
  <datafield tag="610" ind1="2" ind2="0">
    <subfield code="a">Uni&#xF3;n Europea.</subfield>
    <subfield code="z">Am&#xE9;rica del Sur</subfield>
    <subfield code="v">Congresos.</subfield>
  </datafield>
  <datafield tag="651" ind1=" " ind2="4">
    <subfield code="a">South America</subfield>
    <subfield code="x">Foreign economic relations</subfield>
    <subfield code="z">European Union countries</subfield>
    <subfield code="v">Congresses.</subfield>
  </datafield>
  <datafield tag="651" ind1=" " ind2="4">
    <subfield code="a">European Union countries</subfield>
    <subfield code="x">Foreign economic relations</subfield>
    <subfield code="z">South America</subfield>
    <subfield code="v">Congresses.</subfield>
  </datafield>
  <datafield tag="651" ind1=" " ind2="4">
    <subfield code="a">Am&#xE9;rica del Sur</subfield>
    <subfield code="x">Relaciones econ&#xF3;micas exteriores</subfield>
    <subfield code="z">Pa&#xED;ses de la Uni&#xF3;n Europea</subfield>
    <subfield code="v">Congresos.</subfield>
  </datafield>
  <datafield tag="651" ind1=" " ind2="4">
    <subfield code="a">Pa&#xED;ses de la Uni&#xF3;n Europea</subfield>
    <subfield code="x">Relaciones econ&#xF3;micas exteriores</subfield>
    <subfield code="z">Am&#xE9;rica del Sur.</subfield>
  </datafield>
  <datafield tag="653" ind1=" " ind2=" ">
    <subfield code="a">Paises de la Union Europea</subfield>
  </datafield>
  <datafield tag="653" ind1=" " ind2=" ">
    <subfield code="a">America del Sur</subfield>
  </datafield>
  <datafield tag="653" ind1=" " ind2=" ">
    <subfield code="a">Relaciones economicas exteriores</subfield>
  </datafield>
  <datafield tag="655" ind1=" " ind2="4">
    <subfield code="a">Libros electr&#xF3;nicos.</subfield>
  </datafield>
  <datafield tag="700" ind1="1" ind2=" ">
    <subfield code="a">Cienfuegos Mateo, Manuel.</subfield>
  </datafield>
  <datafield tag="700" ind1="1" ind2=" ">
    <subfield code="a">Drnas de Cl&#xE9;ment, Zlata.</subfield>
  </datafield>
  <datafield tag="700" ind1="1" ind2=" ">
    <subfield code="a">Hummer, Waldemar.</subfield>
  </datafield>
  <datafield tag="710" ind1="2" ind2=" ">
    <subfield code="a">e-libro, Corp.</subfield>
  </datafield>
  <datafield tag="856" ind1="4" ind2="0">
    <subfield code="u">https://elibro.net/ereader/politecnicointernacional/85354</subfield>
  </datafield>
  <datafield tag="999" ind1=" " ind2=" ">
    <subfield code="c">92036</subfield>
    <subfield code="d">92036</subfield>
  </datafield>
</record>
